000
00263nam a22001097a 4500
008
230623b xxu||||| |||| 00| 0 eng d
082
_a
330.
_b
GOK 1962
245
_a
Report of the Economy Commission
260
_a
Kenya
_b
GOK
_c
1962
300
_a
90p
942
_2
ddc
_c
BK
999
_c
2508
_d
2508